Cẩm nang dành cho chủ doanh nghiệp vừa vànhỏ /

Сохранить в:
Библиографические подробности
Главный автор: Nguyễn Công Bình, Th.S
Формат:
Язык:Vietnamese
Опубликовано: GTVT 2008
Метки: Добавить метку
Нет меток, Требуется 1-ая метка записи!
Thư viện lưu trữ: Mạng thư viện Đại học Đà Nẵng
LEADER 00650nam a2200265 4500
001 000027852
003 NG-BT
005 20150403120000.0
008 150403s vm 000 vie
020 |c 0,0000 
040 |a notts 
100 |a Nguyễn Công Bình, Th.S 
245 |a Cẩm nang dành cho chủ doanh nghiệp vừa vànhỏ /  |c Nguyễn Công Bình. 
260 |b GTVT  |c 2008 
OWN |a LTT 
999 |a From the UDN01 
TYP |a Monograph 
TYP |a Printed language 
980 |a Mạng thư viện Đại học Đà Nẵng